| 000 | 00520 a2200181 4500 | ||
|---|---|---|---|
| 003 | OSt | ||
| 005 | 20240127130531.0 | ||
| 008 | 240127b |||||||| |||| 00| 0 eng d | ||
| 020 | _a9789392115646 | ||
| 040 | _coclc | ||
| 082 |
_a894.8123 _bCHO/P |
||
| 100 |
_aCholayil, Hakkim _910325 |
||
| 245 |
_aPoralikalude Desham / _cHakkim Cholayil |
||
| 250 | _a1st ed. | ||
| 260 |
_aMalappuram: _bBook Plus Publishers, _c2023. |
||
| 300 | _a282p. | ||
| 942 |
_2ddc _cBK _h894.8123 _iCHO/P _k894.8123 _mCHO/P |
||
| 999 |
_c43334 _d43334 |
||